00342nam a22001097a 4500041000800000082001600008100001700024245014000041260002600181300000700207650001800214 aENG a225.52bVIJ aVijaya Kumar aThe Social Nature of the Lord's Supper:Through Matthew 26:26-30 Applying the Socio-Historical Reading of its Original Event, "Passover" aHyderabadbARRCc2024 a89 aNew Testament